000 00749nam a2200205 a 4500
001 000049180
005 20250722094847.0
008 190725s2004 000 spa d
020 _a9789945130867
040 _aDO-SdBNP
_bspa
_cBNPHU
082 _a323.445
_bR696d
100 _aRodríguez, Namphi
_917970
245 0 _aDerecho de la información :. :
_bhacia un nuevo régimen jurídico de los medios de comunicación /
_cNamphi Rodríguez; pról. Rafael Molina Morillo.
260 _aSanto Domingo :
_bMediabyte,
_c2004.
300 _a307 p. ;
_c23 cm.
590 _aInventariado, 2019 / DG
650 4 _aDerecho a la informacion
_917971
650 0 _aAcceso a la información
_917972
700 1 2 _aMolina Morillo, Rafael,
_d1930-1917
_epról.
_937
999 _c48668
_d48668